000 00891nam a22002297a 4500
005 20240530110607.0
008 160518s2013 su a f b 000 0 ara d
017 _a1433/8755
_bالسعودية . مكتبة الملك فهد الوطنية
020 _a9786038120422
040 _aEG-CaGPL
082 0 4 _221
_a371.207\
_bم ق
100 0 _aمحمد احمد عوض البربرى
245 1 2 _aالقيادة التربوية فى ضوء استراتيجيات التغير /
_cمحمد احمد عوض البربرى
250 _aط. 1
260 _aالرياض :
_bدار الزهراء ،
_c2013 .
300 _a227 ص. :
_bجداول ؛
_c24 سم .
504 _aيشتمل على ارجاعات ببليوجرافية
650 0 4 _aالقيادة الادارية
650 0 4 _aالاستراتيجية
942 _2ddc
_cBK
999 _c62777
_d62777